Multiple Choice City Quiz - El Paso - Statistics

General Stats
  • This quiz has been taken 35 times
  • The average score is 7 of 10
Answer Stats
Question Answer % Correct
What city in Mexico does El Paso border? Juarez
100%
What Mexican state borders Southern El Paso? Chihuahua
97%
What river sets at the El Paso Southern Border Rio Grande
93%
What is the name of a fort that sits within the city? It is also one of the largest military installations in the US Fort Bliss
83%
El Paso is the gateway to what National Park Big Bend
69%
Nickname of El Paso El Chuco
62%
El Paso is home to the only _______ holocaust museum in the US Bilingual
55%
What drink does El Paso and the neighboring city claim to have first made Margarita
52%
El Paso is known as the _____ ___-making capital of the world Cowboy Boot
48%
What natural disaster devastated El Paso in 2006 Flood
38%
No matching quizzes found
Score Distribution
Percent of People with Each Score
Percentile by Number Answered
Your Score History
You have not taken this quiz